000 00886nam a2200241 i 4500
001 BG
245 0 0 _aBudynek inteligentny.
_nT. 1,
_pPotrzeby użytkownika a standard budynku inteligentnego /
_cpraca pod red. Elżbiety Niezabitowskiej ; [aut.] Elżbieta Niezabitowska [et al.].
260 _aGliwice :
_bWydawnictwo Politechniki Śląskiej,
_c2005.
300 _a343, [1] s., [14] k. tabl. złoż. :
_bil. ;
_c24 cm.
504 _aBibliogr. s. 332-343.
650 9 _aBudownictwo inteligentne
655 _aPodręczniki akademickie
700 1 _aNiezabitowska, Elżbieta.
_eRed.
020 _a8373352244
040 _cBPK
041 1 _apol
_heng
044 _aPOL
080 _a69:654.9](075.8)
920 _a83-7335-224-4
942 _cKS
008 s pl f |000 0 pol
999 _c55196
_d55196
856 _uhttp://koha.tu.koszalin.pl/cgi-bin/koha/opac-detail.pl?biblionumber=55196
_yKatalog online BPK